Statistics for Every Piece of Food on Minecraft

Click here to take the quiz!

General Stats

  • This quiz has been taken 56 times
  • The average score is 31 of 41

Answer Stats

Food% Correct
Cake
98%
Steak
98%
Raw Beef
95%
Apple
86%
Baked Potato
86%
Bread
86%
Cooked Porkchop
86%
Cooked Salmon
86%
Poisonous Potato
86%
Potato
86%
Raw Porkchop
86%
Raw Salmon
86%
Carrot
84%
Cooked Mutton
84%
Raw Mutton
84%
Cooked Chicken
82%
Cooked Cod
82%
Cookie
82%
Raw Chicken
82%
Raw Cod
82%
Rotten Flesh
82%
Mushroom Stew
80%
Pumpkin Pie
80%
Enchanted Golden Apple
75%
Golden Apple
75%
Cooked Rabbit
73%
Rabbit Stew
73%
Raw Rabbit
73%
Beetroot
70%
Beetroot Soup
70%
Melon Slice
68%
Pufferfish
68%
Suspicious Stew
66%
Spider Eye
61%
Golden Carrot
59%
Tropical Fish
57%
Honey Bottle
50%
Chorus Fruit
48%
Glow Berries
45%
Sweet Berries
45%
Dried Kelp
43%

Score Distribution

Percentile by Number Answered

Percent of People with Each Score

Your Score History

You have not taken this quiz